Statistics for 10 Largest Countries in 15 Seconds

Click here to take the quiz!

General Stats

  • This quiz has been taken 59 times
  • The average score is 6 of 10

Answer Stats

Answers% Correct
Russia
95%
USA
95%
China
88%
Canada
80%
Brazil
60%
India
60%
Australia
53%
Argentina
33%
Kazakhstan
23%
Algeria
15%

Score Distribution

Percentile by Number Answered

Percent of People with Each Score

Your Score History

You have not taken this quiz